Backroads of Texas /

Bibliographic Details
Main Author: Syers, William Edward, 1914-1987
Format: Book
Language:English
Published: Houston, Tex. : Pacesetter Press, [1979]
Subjects:

MARC

Tag First Indicator Second Indicator Subfields
LEADER 00000cam a2200000 i 4500
001 in00000083827
005 20190207093450.0
008 791207s1979 txua b 00110 eng
010 |a  79050253  
020 |a 0884150534 
035 |a (OCoLC)05751193 
035 |9 AAJ0292AM 
040 |a DLC  |c DLC  |d m.c.  |d TXA  |d UtOrBLW 
043 |a n-us-tx 
049 |a TXAM  |c 2 [A09818449]  |a TXAS  |c 1 [1422194] 
050 0 0 |a F384.3  |b .S9 
082 0 |a 917.64/04/6 
100 1 |a Syers, William Edward,  |d 1914-1987. 
245 1 0 |a Backroads of Texas /  |c Ed Syers ; [tours maps by David T. Price]. 
264 1 |a Houston, Tex. :  |b Pacesetter Press,  |c [1979] 
264 4 |c ©1979 
300 |a xx, 156 pages :  |b illustrations ;  |c 28 cm. 
336 |a text  |b txt  |2 rdacontent 
337 |a unmediated  |b n  |2 rdamedia 
338 |a volume  |b nc  |2 rdacarrier 
500 |a The Cushing Library/Chapman Texas Collection copy is part of the Floyd & Louise Chapman Texas & Borderlands Collection.  |5 TXA 
500 |a Includes indexes. 
504 |a Bibliography: pages xix. 
650 0 |a Automobile travel  |v Guidebooks  |z Texas. 
651 0 |a Texas  |x Tours  |y 1951-1980. 
999 |a MARS 
999 f f |s 733e613e-a665-37f5-b822-fb87aa083406  |i 1e70729c-a98e-3bb0-a238-65dce219578d  |t 0 
952 f f |p noncirc  |a Texas A&M University  |b College Station  |c Cushing Memorial Library & Archives  |d Cushing: Chapman Texas Collection (Does not check out)  |t 0  |e F384.3 .S9  |h Library of Congress classification  |i unmediated -- volume  |m A14806065534 
952 f f |p ric  |a Texas A&M University  |b Rellis Campus  |c Joint Library Facility  |d Remote Storage  |t 0  |e F384.3 .S9  |h Library of Congress classification  |i unmediated -- volume  |m A14809818449 
998 f f |a F384.3 .S9  |t 0  |l Remote Storage 
998 f f |a F384.3 .S9  |t 0  |l Cushing: Chapman Texas Collection (Does not check out)